书目信息 |
| 题名: |
共享城市
|
|
| 作者: | 薛帕尔德 英文翻译 ;简嘉玲 中文翻译 | |
| 分册: | ||
| 出版信息: | 桂林 广西师范大学出版社 2015.11 |
|
| 页数: | 129页 | |
| 开本: | 23cm | |
| 丛书名: | 绿色观点·景观设计师作品系列 | |
| 单 册: | ||
| 中图分类: | TU984.565 | |
| 科图分类: | ||
| 主题词: | 城市规划--cheng shi gui hua--作品集--法国--现代 | |
| 电子资源: | ||
| ISBN: | 978-7-5495-7262-5 | |
| 000 | 01457nam 2200325 450 | |
| 001 | 0100195277 | |
| 005 | 20201204111047.77 | |
| 010 | @a978-7-5495-7262-5@dCNY48.00 | |
| 100 | @a20151119d2015 em y0chiy50 ea | |
| 101 | 1 | @achi@aeng@cfre |
| 102 | @aCN@b450000 | |
| 105 | @aa z 001yy | |
| 106 | @ar | |
| 200 | 1 | @a共享城市@Agong xiang cheng shi@d= Shared territories@eArte-夏邦杰地域规划部门设计作品专辑@f英文翻译柯尔斯顿·薛帕尔德@Fying wen fan yi ke er si dun xue pa er de@g中文翻译简嘉玲@Gzhong wen fan yi jian jia ling@zeng |
| 210 | @a桂林@c广西师范大学出版社@d2015.11 | |
| 215 | @a129页@c彩图@d23cm | |
| 225 | 2 | @a绿色观点·景观设计师作品系列@Alv se guan dian ·jing guan she ji shi zuo pin xi lie |
| 320 | @a有索引 | |
| 330 | @a本书分为预设远景、整治打造、增强密度、注入活力、激发效率、优化设备六部分。书后附方案索引、设计师简介等。主要内容包括: 阿尔及尔海湾、大埃夫勒计划、萨克莱高原、萨波雷特海滩等。 | |
| 410 | 0 | @12001 @a绿色观点·景观设计师作品系列 |
| 510 | 1 | @aShared territories@zeng |
| 517 | 1 | @aArte-夏邦杰地域规划部门设计作品专辑@AArte- xia bang jie di yu gui hua bu men she ji zuo pin zhuan ji |
| 540 | @a共享城市 | |
| 606 | 0 | @a城市规划@Acheng shi gui hua@x作品集@y法国@z现代 |
| 690 | @aTU984.565@v5 | |
| 701 | 1 | @a薛帕尔德@Axue pa er de@g(Shepard, Kirsten)@4英文翻译 |
| 702 | 0 | @a简嘉玲@Ajian jia ling@4中文翻译 |
| 801 | @aCN | |
| 901 | @a22 | |
| 905 | @a河南城建学院图书馆@b1294823-5@dTU984.565@eX955@f3 | |
| 共享城市= Shared territories:Arte-夏邦杰地域规划部门设计作品专辑/英文翻译柯尔斯顿·薛帕尔德/中文翻译简嘉玲.-桂林:广西师范大学出版社,2015.11 |
| 129页:彩图;23cm.-(绿色观点·景观设计师作品系列) |
| ISBN 978-7-5495-7262-5:CNY48.00 |
| 本书分为预设远景、整治打造、增强密度、注入活力、激发效率、优化设备六部分。书后附方案索引、设计师简介等。主要内容包括: 阿尔及尔海湾、大埃夫勒计划、萨克莱高原、萨波雷特海滩等。 |
| ● |
| 相关链接 |
|
|
|
正题名:共享城市
索取号:TU984.565/X955
 
预约/预借
| 序号 | 登录号 | 条形码 | 馆藏地/架位号 | 状态 | 备注 |
| 1 | 1294823 | 212948237 | 建筑与城市规划学院资料室/201建筑库 67排6列3层/ [索取号:TU984.565/X955] | 在馆 | |
| 2 | 1294824 | 212948244 | 建筑与城市规划学院资料室/101建筑库 89排2列3层/ [索取号:TU984.565/X955] | 在馆 | |
| 3 | 1294825 | 212948251 | 建筑库201/201建筑库 66排3列2层/ [索取号:TU984.565/X955] | 在馆 |